Design and analysis of experiments / (Record no. 18784)
[ view plain ]
| 000 -LEADER | |
|---|---|
| fixed length control field | 01040cam a2200313 i 4500 |
| 001 - CONTROL NUMBER | |
| control field | 15276634 |
| 003 - CONTROL NUMBER IDENTIFIER | |
| control field | EG-ScBUE |
| 005 - DATE AND TIME OF LATEST TRANSACTION | |
| control field | 20250227092647.0 |
| 008 - FIXED-LENGTH DATA ELEMENTS--GENERAL INFORMATION | |
| fixed length control field | 080425t2013 njuadk f b 001 0 eng d |
| 020 ## - INTERNATIONAL STANDARD BOOK NUMBER | |
| International Standard Book Number | 9781118097939 |
| 040 ## - CATALOGING SOURCE | |
| Original cataloging agency | EG-ScBUE |
| Language of cataloging | eng |
| Description conventions | rda |
| Transcribing agency | EG-ScBUE |
| Modifying agency | EG-ScBUE |
| 082 04 - DEWEY DECIMAL CLASSIFICATION NUMBER | |
| Classification number | 519.57 |
| Edition number | 22 |
| Item number | MON |
| 100 1# - MAIN ENTRY--PERSONAL NAME | |
| Personal name | Montgomery, Douglas C., |
| Relator term | author. |
| 9 (RLIN) | 20592 |
| 245 10 - TITLE STATEMENT | |
| Title | Design and analysis of experiments / |
| Statement of responsibility, etc | Douglas C. Montgomery, Arizona State Univeresity. |
| 250 ## - EDITION STATEMENT | |
| Edition statement | Eighth edition. |
| 250 ## - EDITION STATEMENT | |
| Edition statement | International student version. |
| 264 #1 - PUBLICATION, DISTRIBUTION, ETC. (IMPRINT) | |
| Place of publication, distribution, etc | Hoboken, New Jersey : |
| Name of publisher, distributor, etc | John Wiley & Sons, |
| Date of publication, distribution, etc | [2013] |
| 264 #4 - PUBLICATION, DISTRIBUTION, ETC. (IMPRINT) | |
| Date of publication, distribution, etc | c2013 |
| 300 ## - PHYSICAL DESCRIPTION | |
| Extent | xvii, 730 pages : |
| Other physical details | charts, forms, tables ; |
| Dimensions | 26 cm |
| 336 ## - CONTENT TYPE | |
| Source | rdacontent |
| Content type term | text |
| Content type code | txt |
| 337 ## - MEDIA TYPE | |
| Media type term | unmediated |
| Source | rdamedia |
| Media type code | n |
| 338 ## - CARRIER TYPE | |
| Carrier type term | volume |
| Carrier type code | nc |
| Source | rdacarrier |
| 500 ## - GENERAL NOTE | |
| General note | Includes appendix.<br/> |
| 504 ## - BIBLIOGRAPHY, ETC. NOTE | |
| Bibliography, etc | Includes bibliographical references and index.<br/> |
| 650 #7 - SUBJECT ADDED ENTRY--TOPICAL TERM | |
| Topical term or geographic name as entry element | Experimental design. |
| 9 (RLIN) | 20593 |
| Source of heading or term | BUEsh |
| 653 ## - INDEX TERM--UNCONTROLLED | |
| Arrived date list | October2011 |
| 655 ## - INDEX TERM--GENRE/FORM | |
| Form subdivision | Reading book |
| 942 ## - ADDED ENTRY ELEMENTS (KOHA) | |
| Source of classification or shelving scheme | Dewey Decimal Classification |
| Koha item type | Book - Borrowing |
| Withdrawn status | Lost status | Source of classification or shelving scheme | Damaged status | Not for loan | Collection code | Home library | Current library | Shelving location | Date acquired | Source of acquisition | Cost, normal purchase price | Total Checkouts | Total Renewals | Full call number | Barcode | Date last seen | Date checked out | Cost, replacement price | Price effective from | Koha item type | Materials specified (bound volume or other part) | Checked out |
|---|---|---|---|---|---|---|---|---|---|---|---|---|---|---|---|---|---|---|---|---|---|---|
| Dewey Decimal Classification | Baccah | Central Library | Central Library | First floor | 16/12/2014 | 280.00 | 7 | 125 | 519.57 MON | 000037191 | 15/07/2025 | 24/02/2021 | 350.00 | 16/12/2014 | Book - Borrowing | |||||||
| Lost | Dewey Decimal Classification | Baccah | Central Library | Central Library | First floor | 16/12/2014 | 280.00 | 8 | 34 | 519.57 MON | 000037192 | 18/01/2018 | 10/01/2018 | 350.00 | 16/12/2014 | Book - Borrowing | Lost In Inventory_2018-08-12 | |||||
| Dewey Decimal Classification | Baccah | Central Library | Central Library | First floor | 16/12/2014 | 280.00 | 2 | 6 | 519.57 MON | 000037193 | 15/11/2015 | 15/11/2015 | 350.00 | 16/12/2014 | Book - Borrowing | 13/04/2022 | ||||||
| Dewey Decimal Classification | Baccah | Central Library | Central Library | First floor | 16/12/2014 | 280.00 | 7 | 98 | 519.57 MON | 000037194 | 15/07/2025 | 01/03/2021 | 350.00 | 16/12/2014 | Book - Borrowing |